| LEADER | 00666nam a2200241 4500 | ||
|---|---|---|---|
| 001 | DLU090069792 | ||
| 005 | ##20090518 | ||
| 040 | # | # | |a DLU |b eng |
| 041 | # | # | |a eng |
| 044 | # | # | |a UK |
| 100 | # | # | |a Whelan, Ruth. |
| 245 | # | # | |a Pensees diverses sur la comete : |b book review / |c Ruth Whelan. |
| 653 | # | # | |a Comets |
| 773 | # | # | |t French Studies |g Vol. 62, no. 4 (October 2008), p. 473-474 |
| 920 | # | # | |a Phòng Tạp chí -- Trung tâm Thông tin - Thư viện Trường Đại học Đà Lạt |
| 994 | # | # | |a DLU |
| 900 | # | # | |a True |
| 911 | # | # | |a Trương Bảo Trâm Anh |
| 925 | # | # | |a G |
| 926 | # | # | |a A |
| 927 | # | # | |a BB |
| 980 | # | # | |a Thư viện Trường Đại học Đà Lạt |